[Event "Olympiad Women-43"]
[Site "Batumi"]
[Date "2018.10.04"]
[Round "10.3"]
[White "Shibata, Misaki"]
[Black "Ibrahimi, Khadija"]
[Result "1/2-1/2"]
[WhiteElo "1605"]
[BlackElo "1531"]
[PlyCount "64"]
[EventDate "2018.09.24"]
[EventType "team-swiss"]
[EventRounds "11"]
[EventCountry "GEO"]
[SourceTitle "EXT 2020"]
[Source "ChessBase"]
[SourceDate "2019.10.17"]
[SourceVersion "1"]
[SourceVersionDate "2019.10.17"]
[SourceQuality "1"]
[WhiteTeam "Japan (W)"]
[BlackTeam "Morocco (W)"]
[WhiteTeamCountry "JPN"]
[BlackTeamCountry "MAR"]

1. d4 d5 2. c4 c6 3. Nc3 Nf6 4. e3 g6 5. Nf3 Bg4 6. Be2 Bxf3 7. Bxf3 e6 8. 0-0 Bg7 9. Qe2 0-0 10. Rd1 Nbd7 11. cxd5 exd5 12. Rb1 a5 13. Bd2 Nb6 14. b3 Re8 15. Be1 Nfd7 16. Qc2 f5 17. a3 Nf6 18. Rdc1 Ne4 19. Be2 Nd6 20. Nd1 Qe7 21. Bd3 f4 22. Bc3 Qg5 23. Be2 Nf5 24. exf4 Qxf4 25. Bf1 Nxd4 26. Qb2 c5 27. Ra1 Qg5 28. Kh1 Qf5 29. Rab1 Be5 30. Qd2 Bf4 31. Ne3 Qh5 32. g3 Bxe3 1/2-1/2

[Event "Olympiad Women-42"]
[Site "Baku"]
[Date "2016.09.08"]
[Round "6.4"]
[White "Sultana, Zakia"]
[Black "Ibrahimi, Khadija"]
[Result "1-0"]
[WhiteElo "1885"]
[BlackElo "1565"]
[PlyCount "101"]
[EventDate "2016.09.02"]
[EventType "team-swiss"]
[EventRounds "11"]
[EventCountry "AZE"]
[SourceTitle "CBM 174 Extra"]
[Source "ChessBase"]
[SourceDate "2016.10.10"]
[SourceVersion "1"]
[SourceVersionDate "2016.10.10"]
[SourceQuality "1"]
[WhiteTeam "Bangladesh (W)"]
[BlackTeam "Morocco (W)"]
[WhiteTeamCountry "BAN"]
[BlackTeamCountry "MAR"]

1. d4 Nf6 2. Nf3 g6 3. g3 Bg7 4. Bg2 0-0 5. 0-0 d6 6. c4 Nbd7 7. Nc3 a6 8. e4 e5 9. d5 Ne8 10. Be3 f5 11. Bg5 Nef6 12. exf5 gxf5 13. Rc1 Qe8 14. Nh4 h6 15. Bd2 Nh7 16. b4 f4 17. Ne4 Ng5 18. c5 Nxe4 19. Bxe4 Nf6 20. Bg2 Bg4 21. Qb3 Qh5 22. f3 Bf5 23. cxd6 cxd6 24. Rc7 Rac8 25. Rfc1 Rxc7 26. Rxc7 fxg3 27. hxg3 e4 28. Nxf5 Qxf5 29. Bf4 Qxd5 30. fxe4 Qxb3 31. axb3 Ne8 32. Rxb7 Bd4+ 33. Kh2 Rf6 34. Bf1 Kh8 35. Rb8 Re6 36. Bxa6 Kg7 37. Bd3 h5 38. Rb7+ Kf8 39. Kg2 Nf6 40. Kf3 Ng4 41. Rh7 Ne5+ 42. Ke2 Ng4 43. Rxh5 Nf6 44. Rf5 Ke7 45. Kf3 Nd7 46. Bc4 Ne5+ 47. Bxe5 Rxe5 48. g4 Rxf5+ 49. exf5 Kf6 50. Ke4 Bg1 51. Kd5 1-0

[Event "Olympiad Women-42"]
[Site "Baku"]
[Date "2016.09.05"]
[Round "4.44"]
[White "Ibrahimi, Khadija"]
[Black "Gonchar, Svitlana"]
[Result "0-1"]
[WhiteElo "1565"]
[BlackElo "1807"]
[PlyCount "110"]
[EventDate "2016.09.02"]
[EventType "team-swiss"]
[EventRounds "11"]
[EventCountry "AZE"]
[SourceTitle "CBM 174 Extra"]
[Source "ChessBase"]
[SourceDate "2016.10.10"]
[SourceVersion "1"]
[SourceVersionDate "2016.10.10"]
[SourceQuality "1"]
[WhiteTeam "Morocco (W)"]
[BlackTeam "ICCD (W)"]
[WhiteTeamCountry "MAR"]

1. e4 e6 2. d4 d5 3. e5 c5 4. c3 Nc6 5. Nf3 Qb6 6. Be2 cxd4 7. cxd4 Bb4+ 8. Nc3 Nge7 9. a3 Bxc3+ 10. bxc3 Bd7 11. 0-0 Rc8 12. Qd3 Na5 13. Bd2 Nc4 14. Rfb1 Qc7 15. Be1 a6 16. Qc2 b5 17. Bd3 h6 18. Nd2 Nb6 19. Nf1 Nf5 20. Rc1 h5 21. Bxf5 exf5 22. Ne3 f4 23. Nf5 0-0 24. Ne7+ Kh8 25. Nxc8 Rxc8 26. Bd2 Na4 27. Bxf4 Qxc3 28. Qxc3 Nxc3 29. Kf1 Rc4 30. Be3 Bf5 31. f3 Kg8 32. Kf2 Kf8 33. h3 Ke7 34. Bd2 Na4 35. Rxc4 bxc4 36. Bb4+ Ke6 37. g4 hxg4 38. hxg4 Bd3 39. f4 g6 40. Ke3 Be4 41. Ra2 c3 42. Ra1 c2 43. Rc1 Nb2 44. Ke2 Nc4 45. Bd2 Kd7 46. a4 Nb2 47. a5 Kc6 48. Ra1 Kb5 49. Ra3 Nc4 50. Rb3+ Kc6 51. Rb8 Kd7 52. Rb7+ Ke8 53. Ra7 Nxa5 54. Rxa6 Nb3 55. Rc6 Nxd4+ 0-1